| 000 | 00492nam a22001937a 4500 | ||
|---|---|---|---|
| 003 | OSt | ||
| 005 | 20140310181748.0 | ||
| 008 | 130625t xxu||||| |||| 00| 0 eng d | ||
| 020 | _a8900129872 | ||
| 050 |
_aPL 937 _b.L477 2004 |
||
| 082 |
_aIB 951.94 _bL51 2004 |
||
| 245 |
_aNew korean dictionary / _cLee Gi Moon. |
||
| 260 |
_aSl : _bDoosan corporation, _cc2004. |
||
| 300 |
_a2839 p. ; _c19 cm. |
||
| 521 | _aIB students | ||
| 541 | _j1 | ||
| 562 | _e1 | ||
| 942 |
_2lcc _cIB _kIB |
||
| 999 |
_c3087 _d3087 |
||